| 000 | 01344nam a2200229Ia 4500 | ||
|---|---|---|---|
| 999 |
_c52929 _d52929 |
||
| 001 | 19959 | ||
| 003 | GE_BSU | ||
| 005 | 20190625195818.0 | ||
| 008 | 181216s1955|||| |||||||||||||| ||geo|| | ||
| 041 | _ageo | ||
| 080 | _a81'374.3=353.1 ქ-27 | ||
| 245 |
_aქართული ენის განმარტებითი ლექსიკონი. ტ . 4 : ვ, ზ, თ, ი, კ, ლ / _cმთ. რედ : გ. ახვლედიანი ; [და სხვ.]. ტომის რედ : არნ. ჩიქობავ ; მიხ. ჭაბაშვილი. |
||
| 264 |
_aთბილისი : _bსაქ. სსრ მეცნ. აკად. გამ-ბა, _c1953. |
||
| 300 |
_a1600 გვ.: _c28 სმ. |
||
| 546 | _aპარალ. თავფურ. რუს. ენ. | ||
| 653 | _aქართული ენა | ||
| 653 | _aქართული ენის განმარტებითი ლექსიკონი | ||
| 700 |
_aახვლედიანი, გ [და სხვ.] _eმთავარი რედაქცია _92910 |
||
| 700 |
_aჩიქობავა, არნოლდ _eტომის რედაქტორი _91234 |
||
| 700 |
_aჭაბაშვილი, მიხ _eტომის რედაქტორი _92914 |
||
| 942 |
_cBK _2udc |
||